[Event "GER-chT School WK GS"]
[Site "Playchess.com INT"]
[Date "2020.06.18"]
[Round "7.3"]
[White "Pizziol, Matteo"]
[Black "Grebe, Maxim"]
[Result "1-0"]
[WhiteElo "1453"]
[BlackElo "1748"]
[PlyCount "89"]
[EventDate "2020.06.11"]
[EventType "team-swiss (blitz)"]
[EventRounds "7"]
[EventCountry "GER"]
[SourceTitle "EXT 2021"]
[Source "ChessBase"]
[SourceDate "2020.10.23"]
[SourceVersion "1"]
[SourceVersionDate "2020.10.23"]
[SourceQuality "1"]
[WhiteTeam "Baden Eich"]
[BlackTeam "Auwald Sachs"]
[WhiteTeamCountry "GER"]
[BlackTeamCountry "GER"]

1. e4 e5 2. Nf3 Nc6 3. Bc4 Bc5 4. Nc3 Nf6 5. d3 h6 6. Be3 Bxe3 7. fxe3 0-0 8. d4 exd4 9. exd4 d6 10. Qd2 Re8 11. Qe2 Bf5 12. 0-0-0 Bg4 13. h3 Bxf3 14. gxf3 Nb4 15. Rhg1 Qd7 16. Bb5 Qxh3 17. Bxe8 Rxe8 18. Rh1 Qe6 19. Kb1 Ra8 20. Rdg1 a6 21. Qg2 Ne8 22. a3 Nc6 23. d5 Qf6 24. dxc6 bxc6 25. Rh3 d5 26. exd5 cxd5 27. Nxd5 Qg6 28. Ne7+ Kh7 29. Nxg6 fxg6 30. Qxg6+ Kg8 31. Rxh6 Kf8 32. Rh8+ Ke7 33. Qe4+ Kd7 34. Rd1+ Nd6 35. Rxd6+ cxd6 36. Qxa8 Ke6 37. Qe4+ Kd7 38. Qb7+ Ke6 39. Re8+ Kf6 40. Qe7+ Kg6 41. Qe6+ Kh7 42. Qf5+ g6 43. Re7+ Kh6 44. Re6 Kg7 45. Qxg6+ 1-0